| 000 | 00984nac a22002411u 4500 | ||
|---|---|---|---|
| 008 | 080923t1998 -us|||||r|||| 001 0 eng d | ||
| 010 | _a98215869 | ||
| 020 | _a0192833936 | ||
| 020 | _a9780192833938 | ||
| 082 | 0 | 0 |
_a320.011 _bARI _222 |
| 100 |
_91117 _aAristotle |
||
| 245 | 1 | 0 |
_aPolitics / _cAristotle ; translated by Ernest Barker; revised with an introduction and notes by R.F. Stalley. |
| 260 |
_aOxford ; _aNew York : _bOxford University Press, _cc1998. |
||
| 300 |
_axlvii, 423 p. : _bmaps ; _c20 cm. |
||
| 490 | 1 | _aOxford world's classics | |
| 504 | _aIncludes bibliographical references (p. [xli]-xliv) and index. | ||
| 650 | 0 |
_aPolitical science _yEarly works to 1800. _933505 |
|
| 700 | 1 |
_aBarker, Ernest, _cSir, _d1874-1960. _933506 |
|
| 700 | 1 |
_aStalley, R. F. _933507 |
|
| 830 | 0 |
_aOxford world's classics (Oxford University Press) _933419 |
|
| 856 | 4 | 2 |
_3Publisher description _uhttp://www.loc.gov/catdir/enhancements/fy0605/98215869-d.html |
| 942 |
_cNB _k320.011ARI _2ddc |
||
| 999 |
_c1599 _d1599 |
||